Personnalités anglophones par lettre - A - Statistiques

Statistiques générales
  • Ce quiz a été pris 673 fois
    566 depuis la dernière actualisation
  • Le résultat moyen est 10 sur 20
Statistiques - réponses
Par images Hint Réponse % Correct
chanteuse Adele
96%
chanteuse Ariana Grande
94%
actrice Angelina Jolie
93%
président américain Abraham Lincoln
84%
chanteuse Amy Winehouse
82%
actrice Anne Hathaway
64%
acteur Andrew Garfield
61%
acteur Arnold Schwarzenegger
58%
chanteuse Avril Lavigne
49%
acteur Adam Sandler
46%
peintre Andy Warhol
44%
rappeur A$AP Rocky
42%
chanteuse Alicia Keys
40%
chanteuse Aretha Franklin
39%
actrice Audrey Hepburn
37%
chanteur Adam Levine
35%
joueur de tennis Andy Murray
29%
mathématicien Alan Turing
21%
actrice Anna Kendrick
19%
aviatrice Amelia Earhart
12%
Aucun quiz correspondant
Distribution des résultats
% des personnes avec chaque résultat
Percentile par nombre de réponses
Votre historique - résultats
Vous n’avez pas pris ce quiz depuis la dernière actualisation